Transnacionalización y política económica en la Argentina /

Guardado en:
Autor Principal: Sourrouille, Juan V.
Otros Autores: Kosacoff, Bernardo., Lucángeli, Jorge.
Formato: Libro
Idioma:Spanish
Publicado: [Buenos Aires] : Bibliotecas Universitarias, Centro Editor de América Latina : Centro de Economía Transnacional, c1985.
Materias:
Etiquetas: Agregar Etiqueta
Sin Etiquetas, Sea el primero en etiquetar este registro!
LEADER 01041cam a2200277 a 4500
001 EEO.eeo001027
008 851004s1985####ag#####g#b###i000#0#spa##
005 20180810111050.0
245 1 0 |a Transnacionalización y política económica en la Argentina /  |c Juan V. Sourrouille, Bernardo P. Kosacoff, Jorge Lucángeli. 
260 |a [Buenos Aires] :  |b Bibliotecas Universitarias, Centro Editor de América Latina :  |b Centro de Economía Transnacional,  |c c1985. 
300 |a 164 p. ;  |c 22 cm. 
504 |a Incluye referencias bibliográficas (p. 161-164). 
020 |a 950251310X 
100 1 |a Sourrouille, Juan V. 
700 1 |a Kosacoff, Bernardo. 
700 1 |a Lucángeli, Jorge. 
043 |a s-ag--- 
650 7 |a Monetarismo.  |2 Isoc 
653 |a Historia económica argentina 
650 7 |a Empresas multinacionales.  |2 Isoc 
650 7 |a Reforma financiera.  |2 Isoc 
653 |a Desarrollismo 
010 |a  85213077  
040 |a DLC  |c DLC  |d DLC 
050 0 0 |a HC175  |b .S6486 1985 
859 |a AR-BaUEB  |b BIB. ECONOMIA - Manual  |h 330.982  |i So84  |p e13960